STRENGTH AND ELASTICITY OF MATERIALS SOLUTIONS TO EXAMINATION QUESTIONS OF THE UNIVERSITY OF LONDON (Record no. 585531)
[ view plain ]
| 000 -LEADER | |
|---|---|
| fixed length control field | 00318nam a22001097a 4500 |
| 082 ## - DEWEY DECIMAL CLASSIFICATION NUMBER | |
| Classification number | 620.112 BRO'S |
| 100 ## - MAIN ENTRY--PERSONAL NAME | |
| Personal name | BROOKS, W.H |
| 9 (RLIN) | 40820 |
| 245 ## - TITLE STATEMENT | |
| Title | STRENGTH AND ELASTICITY OF MATERIALS SOLUTIONS TO EXAMINATION QUESTIONS OF THE UNIVERSITY OF LONDON |
| 260 ## - PUBLICATION, DISTRIBUTION, ETC. | |
| Place of publication, distribution, etc. | LONDON |
| Name of publisher, distributor, etc. | MACDONALD |
| Date of publication, distribution, etc. | 1963 |
| 300 ## - PHYSICAL DESCRIPTION | |
| Extent | 317P |
| 942 ## - ADDED ENTRY ELEMENTS (KOHA) | |
| Koha item type | Book |
| Withdrawn status | Lost status | Damaged status | Not for loan | Permanent Location | Current Location | Shelving location | Date acquired | Total Checkouts | Full call number | Barcode | Date last seen | Price effective from | Koha item type |
|---|---|---|---|---|---|---|---|---|---|---|---|---|---|
| College of Electrical & Mechanical Engineering (CEME) | College of Electrical & Mechanical Engineering (CEME) | General Stacks | 07/10/2017 | 620.112 BRO'S | CEME-4908 | 06/28/2021 | 06/28/2021 | Book |
